MDQL
is popping MORE tags! Check the
thread
!
Quizzes
Events
Quiz Creation
Community
Videos
Private Events
Remove Ads
Sign In
Join for FREE
Feedback
Dark Mode
Quiz Categories
Sports
Geography
Music
Movies
Television
Just For Fun
Miscellaneous
History
Literature
Language
Science
Gaming
Entertainment
Religion
Holiday
For Kids
Quiz Lab
Recent
Popular Today
Quiz Kudos Today
Editor Picks
Curator Picks
Quizzes by...
Day
Popularity
Type
Ratings
Length
Year
Community
Subscriptions
Recent Discussions
Orange Saloon
Badges
Playlists
Quests
Create
Leaderboards
Showdown
Live 5
Trivia Bingo
Activity
Puzzle Library
Sporcle Events
Private Events
Virtual Trivia
Globe League
Become a Host
Pub Owners
SporcleCon
Opinionation
Our Games
Videos
Blog
Mobile Apps
Partnerships
Remove Ads and Go Orange
Feedback
Science
Computer
Plants
Astronomy
Chemistry
Elements
Math
Animal
Physics
Anatomy
Biology
Geology
General Science
Science
Computer
Plants
Astronomy
Chemistry
Elements
Math
Animal
Physics
Anatomy
Biology
Geology
General Science
Random Quiz
Search Sporcle
×
Quiz Lab
Quiz Lab
Science
bones
Type in answers that appear in a list
Type in answers that appear in a list
Classic
Best Score? Go Orange.
Tisse and Bone Stats
Can you name the Tisse injuries
By
TNsportsmed
10m
28 Questions
3 Plays
3 Plays
3 Plays
Comments
Comments
Give Quiz Kudos
Give Quiz Kudos
-
- Ratings
hide this ad
Replay
Link that replays current quiz
Next Quiz
Link to next quiz in quiz playlist
You Got
0%
They Got
Avg Score
14%
Avg Friend Score
Upgrade to see
Score Distribution
Jump to the score distribution portion of the page
Score
0/28
Timer
10:00
0
Plays Today
Hint
Answer
% Correct
What connects bone to bone?
ligament
66.7%
Where do compression fractures usually occur?
the spine
66.7%
A green stick fracture usually occurs in_
_
_
_
_
?
children
66.7%
What are bones made out of?
organic material, inorganic material and water
33.3%
What connects bone to muscles?
tendon
33.3%
What is a sprain?
an injury to a ligament
33.3%
What is it called when the bone fractures in a diagonal line across the bone?
oblique fracture
33.3%
What is it called when the bone is crushed into smaller pieces?
comminuted fracture
33.3%
What is a fracture that occurs perpendicular along the bone?
transverse fracture
33.3%
How are bones formed?
collagen protein fibers are formed, cartilage is deposited between the collagen fibers, mineral salts replace cartilage
0%
What are the functions of bones?
protect vital organs and structures, they are acted on by muscles to produce movement, they produce blood cells and store minerals such as calcium and phosphates
0%
What is the growth plate called?
epiphysis
0%
What two bones does your ACL connect?
femur and tibia
0%
What is a strain?
an injury to a tendon
0%
Hint
Answer
% Correct
What is an incision injury?
open wound caused by a cutting object
0%
What is an abrasion?
scraping of a layer of skin
0%
What is a contusion?
bleeding underneath the skin
0%
What is a laceration?
open wound
0%
What is an avulsion?
partial tearing away of a body part
0%
what is a puncture?
when a pointed object enters the body
0%
what is sublaxation?
partial dislocation
0%
what is a fracture?
when a bone is cracked or fractured
0%
What is an avulsion fracture?
Occurs when a ligament or tendon pulls so hard at its bony attachment that a portion of the bone is torn away
0%
What is a stress fracture?
occurs in a bone that has been subjected to repetitive stress
0%
What is a spiral fracture?
Caused by a torsional force along the length of a bone
0%
What is a longitudinal fracture?
Runs the length of the bone
0%
What can happen from a direct impact to the skull?
compression fracture
0%
What is the failure point?
the amount of energy required to cause a fracture
0%
Quiz Playlist
Details
Report
Send in Message
Add To Playlist
Classic:
Type in answers that appear in a list
Last Updated: Feb 16, 2017
Quiz Scoreboard
CHALLENGE
Sign Up to Join the Scoreboard
Show All
Scores
Hide
Comments
May contain spoilers
Recently Published
5x2 Blitz: Bands
by SL_Kpop136
Music
30s
Colored Red Africa Blitz
by spor1
Geography
30s
Find the 'City' Movie
by crazypaving
Movies
60s
More to Explore
Quiz From the Vault
Featured Blog Post
14 Easter Pick-up Lines to Find Eggs With
hide this ad
You Might Also Like...
Tags
bones
Injury
Today's Top Quizzes in Science
Browse Science
hide this ad
Today's Top Quizzes in bones
Browse bones
Top Contributed Quizzes in Science
1
Glycolysis
2
Square Numbers Scrambled (1-50)
3
Vet Tech Pharmacology Drug Contraindications
4
Missing Vowel Minefield: Lanthanides
5
'C' Flowers II
6
Sorting Squares: Animals by Continent
7
Multiplication table 1-10
8
Amino Acid Groups
9
Astronomy Spelling Bee
10
3-letter Elementary Words
Explore More
Trending Topics
Crossword
Harry Potter
Kpop
Disney
Anime
Marvel
NBA
The Office
Puzzle
WWE
NFL
Country
Soccer
Pokémon
Song
hide this ad
More By:
TNsportsmed
Quiz
Plays
Rating
Category
Featured
Created
Tisse and Bone
3
Science
Nov 21, 2013
Go to Creator's Profile
Score Distribution
Quiz Creator Spotlight
TNsportsmed
Follow
Send a Message
Quizzes Created
-
Created Quiz Play Count
-
More By This Creator
Popular Quizzes Today
1
Find the 'City' Movie
2
Colored Red Africa Blitz
3
Find the US States - No Outlines Minefield
4
5x2 Blitz: Bands
5
The Countries of the World
6
Find the US States
7
US States
8
9x9 Crossword: Cartoon Network
More Science Quizzes
Java Primitive Data Types
Published
Trending Quizzes
Colored Red Europe Blitz I
Colored Red Africa Blitz II
Colored Red Europe Blitz II
Colored Red Europe Blitz III
Colored Red Africa Blitz III
Recently Updated
Famous TV Couples
Peacemaker
Champions League XIs: Real Madrid
pecheneg
Largest US Cities 1790-2010
pecheneg
Rides in Walt Disney World
pecheneg
Most Oscar Losses (Acting)
pecheneg
Beyoncé Albums
pecheneg
Leaping Animals
pecheneg
Reality TV Shows (A-Z)
bhenderson79
Rickey Henderson's Hall of Fame Teammates
pecheneg
Champions League XIs: Arsenal
pecheneg
Trending Topics
Disney
Anime
Crossword
Kpop
Marvel
Harry Potter
NBA
NFL
Soccer
WWE
Puzzle
Country
The Office
Pokémon
Song
Your Account Isn't Verified!
In order to create a playlist on Sporcle, you need to verify the email address you used during registration. Go to your
Sporcle Settings
to finish the process.
Report this User
Report this user for behavior that violates our
Community Guidelines
.
Details:
Send Report
Go to the Sporcle.com Mobile Site →
Comments